Lluvia de viento. (Record no. 10800)
[ view plain ]
| 000 -CABECERA | |
|---|---|
| campo de control de longitud fija | 01497nam a22002777a 4500 |
| 001 - NÚMERO DE CONTROL | |
| campo de control | BRCA_9181 |
| 003 - IDENTIFICADOR DEL NÚMERO DE CONTROL | |
| campo de control | FranzMayer |
| 005 - FECHA Y HORA DE LA ÚLTIMA TRANSACCIÓN | |
| campo de control | 20220809132151.0 |
| 008 - DATOS DE LONGITUD FIJA--INFORMACIÓN GENERAL | |
| campo de control de longitud fija | 220701b |||||||| |||| 00| 0 spa d |
| 020 ## - NÚMERO INTERNACIONAL ESTÁNDAR DEL LIBRO | |
| Número Internacional Estándar del Libro | 9786078624461 |
| 040 ## - FUENTE DE LA CATALOGACIÓN | |
| Centro/agencia transcriptor | MFM |
| 041 ## - CÓDIGO DE LENGUA | |
| Código de lengua del texto/banda sonora o título independiente | spa |
| 050 ## - SIGNATURA TOPOGRÁFICA DE LA BIBLIOTECA DEL CONGRESO | |
| Número de clasificación | F1229.Z3 |
| Número de documento/Ítem | C377 2019 |
| 100 ## - ENTRADA PRINCIPAL--NOMBRE DE PERSONA | |
| Nombre de persona | Castillejos, David |
| Término indicativo de función/relación | autor |
| 9 (RLIN) | 28395 |
| 245 ## - MENCIÓN DE TÍTULO | |
| Título | Lluvia de viento. |
| Resto del título | El último Rey Zapoteca : sobrino del emperador azteca Moctezuma II / |
| Mención de responsabilidad, etc. | David Castillejos |
| 260 ## - PUBLICACIÓN, DISTRIBUCIÓN, ETC. | |
| Lugar de publicación, distribución, etc. | Ciudad de México |
| Nombre del editor, distribuidor, etc. | Plaza y Valdés |
| Fecha de publicación, distribución, etc. | 2019 |
| 300 ## - DESCRIPCIÓN FÍSICA | |
| Extensión | 266 p. : |
| Otras características físicas | il. fot. map. y cuadros genealógicos ; |
| Dimensiones | 17 x 22.5 cm |
| 500 ## - NOTA GENERAL | |
| Nota general | Ubicación: L59-N5 |
| 504 ## - NOTA DE BIBLIOGRAFÍA, ETC. | |
| Nota de bibliografía, etc. | Referencias: p. 251-266 |
| 520 ## - SUMARIO, ETC. | |
| Sumario, etc. | "Cosijopii II, último rey zapoteca y sobrino del embajador azteca Moctezuma II, reinaba en Tehuantepec cuando Hernán Cortés desembarcó en las costas del Golfo de México. Su vida se vio envuelta en tumulto: navegó por dos culturas y existió en dos vidas diferentes. Seguimos sus vivencias y el devenir de su linaje hasta finales de la época colonial y principios del México independiente." - Proporcionado por el autor. |
| Ampliación de la nota de sumario | Se relatan en este libro descubrimientos realizados por investigadores de la etnohistoria de Oaxaca. |
| 600 ## - PUNTO DE ACCESO ADICIONAL DE MATERIA--NOMBRE DE PERSONA | |
| Nombre de persona | Cortés, Hernán, |
| Fechas asociadas al nombre | 1485-1547 |
| Subdivisión general | Historia |
| -- | Conquista |
| Subdivisión geográfica | México |
| 9 (RLIN) | 28396 |
| 600 ## - PUNTO DE ACCESO ADICIONAL DE MATERIA--NOMBRE DE PERSONA | |
| Nombre de persona | Cosijopii, King of Teotzapotlán, |
| Fechas asociadas al nombre | 1502- |
| Subdivisión general | Historia |
| -- | Zapotecas |
| 9 (RLIN) | 28397 |
| 651 ## - PUNTO DE ACCESO ADICIONAL DE MATERIA--NOMBRE GEOGRÁFICO | |
| Nombre geográfico | México |
| Subdivisión general | Historia |
| Subdivisión cronológica | Siglo XVI |
| 9 (RLIN) | 28398 |
| 942 ## - ELEMENTOS DE PUNTO DE ACCESO ADICIONAL (KOHA) | |
| Fuente del sistema de clasificación o colocación | Library of Congress Classification |
| Tipo de ítem Koha | Libros |
| Estado de retiro | Estado de pérdida | Fuente del sistema de clasificación o colocación | Estado dañado | No para préstamo | Localización permanente | Ubicación/localización actual | Fecha de adquisición | Total de préstamos | Signatura topográfica completa | Código de barras | Fecha visto por última vez | Número de copia | Precio válido a partir de | Tipo de ítem Koha |
|---|---|---|---|---|---|---|---|---|---|---|---|---|---|---|
| El ejemplar forma parte de la colección y puede ser consultado según las políticas vigentes. | Library of Congress Classification | Biblioteca del Museo Franz Mayer (Rogerio Casas-Alatriste) | Biblioteca del Museo Franz Mayer (Rogerio Casas-Alatriste) | 01/07/2022 | F1229.Z3 C377 2019 | CONT9954 | 01/07/2022 | 1 | 01/07/2022 | Libros |